书目信息 |
| 题名: |
工程力学
|
|
| 作者: | 孟凡深 主编 | |
| 分册: | ||
| 出版信息: | 郑州 黄河水利出版社 2009.07 |
|
| 页数: | 276页 | |
| 开本: | 26cm | |
| 丛书名: | ||
| 单 册: | ||
| 中图分类: | TB12 | |
| 科图分类: | ||
| 主题词: | 工程力学--gong cheng li xue--高等学校--教材 | |
| 电子资源: | ||
| ISBN: | 978-7-80734-646-3 | |
| 000 | 00902nam0 2200253 450 | |
| 001 | 012010360547 | |
| 005 | 20101221161434.93 | |
| 010 | @a978-7-80734-646-3@dCNY29.00 | |
| 100 | @a20101221d2009 em y0chiy0120 ea | |
| 101 | 0 | @achi |
| 102 | @aCN@b410000 | |
| 105 | @aa a 000yy | |
| 106 | @ar | |
| 200 | 1 | @a工程力学@Agong cheng li xue@f孟凡深主编@Fmeng fan shen zhu bian |
| 210 | @a郑州@c黄河水利出版社@d2009.07 | |
| 215 | @a276页@c图@d26cm | |
| 300 | @a普通高等学校“十二五”规划精品教材 | |
| 320 | @a有书目 (第276页) | |
| 330 | @a本书共分十二章,包括静力学和材料力学两部分。静力学部分包括平面汇交力系、力矩与平面力偶系、平面一般力系等;材料力学部分包括扭转、弯曲、应力状态和强度理论、组合变形等。 | |
| 606 | 0 | @a工程力学@Agong cheng li xue@x高等学校@j教材 |
| 690 | @aTB12@v4 | |
| 701 | 0 | @a孟凡深@Ameng fan shen@4主编 |
| 801 | 0 | @aCN@bQSSK@c20101221 |
| 905 | @b789564-66@dTB12@eM581@f3 | |
| 工程力学/孟凡深主编.-郑州:黄河水利出版社,2009.07 |
| 276页:图;26cm |
| 普通高等学校“十二五”规划精品教材 |
| ISBN 978-7-80734-646-3:CNY29.00 |
| 本书共分十二章,包括静力学和材料力学两部分。静力学部分包括平面汇交力系、力矩与平面力偶系、平面一般力系等;材料力学部分包括扭转、弯曲、应力状态和强度理论、组合变形等。 |
| ● |
| 相关链接 |
|
|
|
正题名:工程力学
索取号:TB12/M581
 
预约/预借
| 序号 | 登录号 | 条形码 | 馆藏地/架位号 | 状态 | 备注 |
| 1 | 789564 | 207895642 | 自科库501/501自科库 2排4列5层/ [索取号:TB12/M581] | 在馆 | |
| 2 | 789565 | 207895651 | 自科库501/501自科库 2排4列5层/ [索取号:TB12/M581] | 在馆 | |
| 3 | 789566 | 207895660 | 自科库501/501自科库 2排4列5层/ [索取号:TB12/M581] | 在馆 |